Noticia de la Real Academia de la Historia o resumen de sus actas de 1850. (Record no. 163040)

MARC details
000 -LEADER
campo de control de longitud fija 00853nam a2200205 i 4500
001 - NÚMERO DE CONTROL
campo de control 163040
003 - IDENTIFICADOR DE NÚMERO DE CONTROL
campo de control ES-MaACL
005 - FECHA Y HORA DE LA ÚLTIMA TRANSACCIÓN
campo de control 20230906212646.0
008 - DATOS DE LONGITUD FIJA--INFORMACIÓN GENERAL
campo de control de longitud fija 961024s1851 sp a |||| | spa d
245 00 - MENCIÓN DEL TÍTULO
Título Noticia de la Real Academia de la Historia o resumen de sus actas de 1850.
260 ## - PUBLICACIÓN, DISTRIBUCIÓN, ETC.
Lugar de publicación, distribución, etc. Madrid :
Nombre del editor, distribuidor, etc. [s.n.],
Fecha de publicación, distribución, etc. 1851 (
Fabricante Imp. de la Real Academia de la Historia, a cargo de José Rodríguez)
300 ## - DESCRIPCIÓN FÍSICA
Extensión 52 p., [1] h. de lám. ;
Dimensiones 21 cm.
594 ## - Nota al título y mención de responsabilidad
Nota al título y mención de responsabilidad Texto firmado por Pedro Sabau
597 ## - NOTA DE DESCRIPCIÓN FÍSICA
NOTA DE DESCRIPCIÓN FÍSICA Signaturizado.
599 ## - NOTA A LAS ILUSTRACIONES
NOTA A LAS ILUSTRACIONES Port. con esc. tip. real.
599 ## - NOTA A LAS ILUSTRACIONES
NOTA A LAS ILUSTRACIONES Lám.: litografía representando monedas, "Lit. de F. Craus, Madrid"
610 24 - PUNTO DE ACCESO ADICIONAL DE MATERIA--NOMBRE DE ENTIDAD CORPORATIVA
Nombre de entidad corporativa o nombre de jurisdicción como elemento de entrada Real Academia de la Historia (España)
9 (RLIN) 6309
700 1# - ENTRADA AGREGADA--NOMBRE PERSONAL
Nombre de persona Sabau y Larroya, Pedro (
Fechas asociadas al nombre 1807-1879)
9 (RLIN) 101196
852 4# - LOCALIZACIÓN
Ubicación ES-MaACL
Número de control de estantería T-25-F-2
Nota libre - Enc. hol.
-- - Enc. en un vol. facticio
Holdings
Estatus retirado Estado de pérdida Estado de daño No para préstamo Colección Biblioteca de origen Biblioteca actual Ubicación en estantería Fecha de adquisición Total de préstamos Signatura topográfica completa Código de barras Visto por última vez Precio de reemplazo Tipo de ítem Koha
        Colección de folletos Biblioteca del Ateneo de Madrid Biblioteca del Ateneo de Madrid Depósito folletos 17/01/2008   T-25-F-2 1170828 23/02/2023 23/02/2023 Folleto